| 000 | 01218cam a22003377a 4500 | ||
|---|---|---|---|
| 003 | CHAP | ||
| 005 | 20220329141540.0 | ||
| 008 | 971013s1984 r 00010 d | ||
| 010 | _a69983 | ||
| 011 | _a70955 | ||
| 035 | _a80509 | ||
| 040 | _cCHAP | ||
| 082 |
_a632.9 _bC6 |
||
| 100 | 0 | 0 |
_aConway, Gordon R. _eed. _927668 |
| 245 | 0 |
_aPest and pathogen control _b: strategic, tactical and policy models |
|
| 260 |
_aChichester : _bWiley, _c1984 |
||
| 300 |
_a488 p. _b; gráfs. |
||
| 490 | 0 |
_aInternational series on applied systems analysis _v; 13 |
|
| 590 |
_aBATCH-UPD _b10 _c20130110 _lUCH01 _h0148 |
||
| 590 |
_aBATCH-UPD _b10 _c20130110 _lUCH01 _h1745 |
||
| 590 |
_aBATCH-UPD _b10 _c20130409 _lUCH01 _h2148 |
||
| 590 |
_aBATCH-UPD _b10 _c20130914 _lUCH01 _h1042 |
||
| 590 |
_aCONVERSION _b10 _c20130109 _lUCH01 _h1338 |
||
| 650 | 1 | 4 |
_aControl de plagas _xModelos matemáticos. _927598 |
| 650 | 1 | 4 |
_aCultivos _xPlagas. _930305 |
| 830 | 0 |
_aInternational series on applied systems analysis _v; 13 _959811 |
|
| 901 | _aBK | ||
| 942 | _cLIBRO | ||
| 949 |
_a632.9 C6 _bBC _cLIBRO _d33724000182739 _eLIBRO _gI. 144419 _h74665 _i80509 _si _t283.00 |
||
| 949 |
_a632.9 C6 _bBC _cLIBRO _d33724000182747 _eLIBRO _fc.2 _h76018 _i80509 _si _t283.00 |
||
| 999 |
_c69983 _d69983 |
||